| 000 | 00923nam a2200289 i 4500 | ||
|---|---|---|---|
| 003 | EG-ScBUE | ||
| 005 | 20240213102306.0 | ||
| 008 | 171101s2023 ua f 000 f ara d | ||
| 017 | _a2023 / 17839 | ||
| 020 | _a9789770938577 | ||
| 040 |
_aEG-ScBUE _bara _erda _cEG-ScBUE _dEG-ScBUE |
||
| 082 | 0 | 4 |
_a892.737 _bم ر ا _222 |
| 100 | 1 |
_aمراد، أحمد، _d1978- _eمؤلف. _932395 |
|
| 245 | 1 | 0 |
_aأبو الهول / _cأحمد مراد. |
| 250 | _aالطبعة الثانية. | ||
| 264 | 1 |
_aالقاهرة : _bدار الشروق، _c2023. |
|
| 300 |
_a308 صفحة ؛ _c24 سم |
||
| 336 |
_2rdacontent _aنص _btxt |
||
| 337 |
_2rdamedia _aبدون وسيط _bn |
||
| 338 |
_2rdacarrier _aمجلد _bnc |
||
| 541 | _cإهداء ؛ | ||
| 546 | _aBook Fair 2024. | ||
| 650 | 7 |
_aالقصص العربية _zمصر _yقرن 21. _2BUEsh |
|
| 653 |
_bARALIT _cFebruary2024 |
||
| 655 | _vReading book | ||
| 942 | _2ddc | ||
| 999 |
_c30663 _d30634 |
||